000 00853nac a22002771i 4500
003 EG-ScBUE
005 20241010094054.0
008 090225t1994 maua f 001 0 eng d
020 _a0534936245
020 _a9780534936242
040 _aEG-ScBUE
_beng
_erda
_cEG-ScBUE
_dEG-ScBUE
082 0 4 _a515.15
_bSWO
_222
100 1 _aSwokowski, Earl W.,
_eauthor.
_933349
245 1 0 _aCalculus /
_cEarl W. Swokowski [and three others]
250 _aSixth edition.
264 1 _aBostn :
_bPWS publishing company,
_c[1994]
264 4 _cc1994
300 _a1 volume (various pagings) :
_bcolor illustrations ;
_c30 cm
336 _2rdacontent
_atext
_btxt
337 _aunmediated
_2rdamedia
_bn
338 _avolume
_bnc
_2rdacarrier
500 _aIncludes index.
650 7 _aCalculus.
_2BUEsh
_933350
655 _vReading book
942 _cBB
_2ddc
999 _c17
_d17